1231 1620 1843 1612 1566 1746 1286 1799 1838 1339 1212 1333 1080 1996 1011 1967 1541 1761 1523 1120 1646 1045 1407 1257 1541 1049 1276 1019 1197 1860 1695 1452 1412 1620 1585 1024 1606 1162 1915 1259 1015 1208 1691 1648 1243 1097 1334 1173 1762 1682 1533 1578 1778 1153 1159 1147 1722 1467 1583 1301 1623 1764 1949 1703 1731 1057 1092 1403 1376 1561 1969 1711 1063 1103 1292 1472 1804 1871 1173 1462 1959 1167 1155 1921 1126 1066 1189 1786 1955 1899 1294 1161 1608 1849 1606 1686 1831 1616 1424 BCNSPRNW ULIB Ver.6.0+V

เปลี่ยนเป็นภาษาไทย

Change to English
 แสดงรายละเอียดบรรณานุกรม
  กลับหน้าหลัก

Brief Record : Get Marc (ISO 2709) : E-mail record : QR code < ปิดหน้าต่าง
LEADER : 00000nam 2200000uu 4500
001    13399124302
003     ULIB
008    150227s2557||||th 000 0 tha d
020    ^a9789740332183
060  4 ^aWW140^bจ234
110 1  ^aจุฬาลงกรณ์มหาวิทยาลัย.^bคณะแพทยศาสตร์.^bภาควิชาจักษุวิทยา
245 00 ^aจักษุจุฬา^b=Chula Eye Book. /^cบรรณาธิการ เปรมจิต เศาณานนท์
246 0  ^aChula Eye Book
250    ^aพิมพ์ครั้งที่ 1.
260    ^aกรุงเทพฯ :^bภาควิชาจักษุวิทยา คณะแพทยศาสตร์ จุฬาลงกรณ์มหาวิทยาลัย,^c2557.
300    ^a326 หน้า :^bภาพประกอบ
650  7 ^aตา, โรค^xการรักษา
650  7 ^aตา, โรค^xการวินิจฉัย
700 0  ^aเปรมจิต เศาณานนท์,^cบรรณาธิการ
945    ^p220^l0^i22903
945    ^p220^l0^i22904
945    ^p220^l0^i22905
999    ^aทศพร เกษรทอง
รายการนี้ยังไม่มีแท็ก
คุณยังไม่ได้ล็อกอิน คุณสามารถมีกิจกรรมร่วมกับเว็บไซต์ได้ แต่ต้องล็อกอินก่อน ::
  ล็อกอิน

รายการสื่อสารสนเทศ

ลำดับที่ ประเภท เลขเรียก/บาร์โค้ด สถานที่ สถานะ
1. วิทยาศาสตร์การแพทย์ และสุขภาพ
วิทยาศาสตร์การแพทย์ และสุขภาพ
สถานะ=หนังสือเก่า
WW140 จ234 ฉ.1 
  Barcode: 22903
ห้องสมุดวิทยาเขตนครสวรรค์
►ส่วนจัดเก็บหนังสือเก่า นว.
บนชั้น
  ขอยืม
2. วิทยาศาสตร์การแพทย์ และสุขภาพ
วิทยาศาสตร์การแพทย์ และสุขภาพ
สถานะ=หนังสือเก่า
WW140 จ234 ฉ.2 
  Barcode: 22904
ห้องสมุดวิทยาเขตนครสวรรค์
►ส่วนจัดเก็บหนังสือเก่า นว.
บนชั้น
  ขอยืม
3. วิทยาศาสตร์การแพทย์ และสุขภาพ
วิทยาศาสตร์การแพทย์ และสุขภาพ
สถานะ=หนังสือเก่า
WW140 จ234 ฉ.3 
  Barcode: 22905
ห้องสมุดวิทยาเขตนครสวรรค์
►ส่วนจัดเก็บหนังสือเก่า นว.
บนชั้น
  ขอยืม

BibComment


ยังไม่เคยถูกคอมเมนท์

คอมเมนท์ทรัพยากรรายการนี้
  คอมเมนท์: จักษุจุฬา Chula ..


 Copyright 2026. Bcnsprnw @Library